000 00832cam a22002777a 4500
003 CHAP
005 20220329135121.0
008 971013s1974 r 00010 d
010 _a31204
011 _a32176
035 _a36289
040 _cCHAP
082 _a634.94
_bC7
100 0 0 _aCousens, John.
_928657
245 1 3 _aAn introduction to woodland ecology
260 _aEdinburgh :
_bOliver & Boyd,
_c1974
300 _a151 p.
_b: ilus. ; gráfs.
590 _aBATCH-UPD
_b10
_c20130110
_lUCH01
_h2001
590 _aBATCH-UPD
_b10
_c20130410
_lUCH01
_h1321
590 _aBATCH-UPD
_b10
_c20130914
_lUCH01
_h1251
590 _aCONVERSION
_b10
_c20130109
_lUCH01
_h1318
650 1 4 _aEcología forestal.
_935176
901 _aBK
942 _cLIBRO
949 _a634.94 C7
_bBC
_cLIBRO
_d33724000248530
_eLIBRO
_h46595
_i36289
_si
_t158.00
999 _c31204
_d31204